000 00633nam a2200229Ia 4500
003 OSt
005 20220928103202.0
006 a|||||r|||| 00| 0
007 ta
008 220927b |||||||| |||| 00| 0 eng d
024 _a75691
037 _cTextual
040 _aSDCL
_cSDCL
_beng
041 _2eng
_aeng
082 _aG9 X:424-6, M4
100 _aBall Christopher Ed.
_9402783
245 0 _aGenetics and breeding of industrial microorganisms .
260 _aFlorida
_bC R C Press
_c1984
300 _a203p
_ccm.
942 _hG9 X:424-6, M4
_cTEXL
_2CC
999 _c718594
_d718594